| 000 | 00412nam a22001577a 4500 | ||
|---|---|---|---|
| 999 |
_c11987 _d11987 |
||
| 008 | 210115b ||||| |||| 00| 0 eng d | ||
| 082 | 0 | 0 |
_a658.542 _bB2611 |
| 100 |
_94250 _aBarnes, Ralph M |
||
| 245 | 1 | 0 |
_aMotion and time study _cBy Ralph M Barnes |
| 250 | _a4th ed. | ||
| 260 |
_aCalcutta _bAsia Publishing house _c1965 |
||
| 300 | _axii,665 p. | ||
| 365 | _d18.00 | ||
| 650 | 0 | _aMotion Study | |
| 942 | _cBK | ||